000 00323nam a2200133Ia 4500
008 240624s9999 xx 000 0 und d
041 _aeng
082 _a658.049 MEN
100 _aMENIPAZ EHUD
245 _aINTERNATIONAL BUSINESS
260 _c2011
_aNew Delhi
_bSage
300 _axvii, 649 p.; 23 cm.
365 _cRS
_b32
999 _c29538
_d29538